000 01037na a2200277 4500
001 16943
003 MIRAKIL
005 20181213154811.0
008 161018b tu 000 0
020 _a9786055614041
040 _aMilas
_btur
_cTR-AnCHP
041 _atur
082 _a341.5
_bU48u 2009
090 _a341.5 U48u 2009
111 _aUluslararası Uyuşmazlık Çözümünde Usul, Uygulamalar ve Güncel Sorunlar Sempozyumu
_cAnkara
_d2009
245 _aUluslararası uyuşmazlık çözümünde usul, uygulamalar ve güncel sorunlar sempozyumu
_b09-10 Ocak 2009 Ankara
_cTürkiye Barolar Birliği
260 _aAnkara
_bTürkiye Barolar Birliği
_c2009
300 _avii, 203 s.
_c24 sm.
490 _aTürkiye Barolar Birliği yayınları
_v164
650 _aUluslararası uyuşmazlıklar
_xEnerji hukuku
650 _aUluslararası uyuşmazlıklar
_xTicaret
650 _aUluslararası uyuşmazlıklar
_xİnşaat endüstrisi
651 _aTürkiye
_xTahkim
710 _aTürkiye Barolar Birliği
942 _2ddc
_cBKS
999 _c1064
_d1064